Le vocabulaire des écoles (Record no. 54496)
[ view plain ]
| 000 -LEADER | |
|---|---|
| campo de control de longitud fija | 00649nam a22001695i 4500 |
| 001 - NÚMERO DE CONTROL | |
| campo de control | 54496 |
| 003 - IDENTIFICADOR DE NÚMERO DE CONTROL | |
| campo de control | ES-MaACL |
| 007 - CAMPO FIJO DE DESCRIPCIÓN FÍSICA--INFORMACIÓN GENERAL | |
| campo de control de longitud fija | t| |
| 008 - DATOS DE LONGITUD FIJA--INFORMACIÓN GENERAL | |
| campo de control de longitud fija | 960726q18771900fr ||||1| fre d |
| 040 ## - FUENTE DE CATALOGACIÓN | |
| Centro catalogador/agencia de origen | CAM |
| Lengua de catalogación | spa |
| Centro/agencia transcriptor | CAM |
| 100 1# - ENTRADA PRINCIPAL--NOMBRE DE PERSONA | |
| Nombre de persona | Fournier, Marcel. |
| 9 (RLIN) | 51985 |
| 245 13 - MENCIÓN DEL TÍTULO | |
| Título | Le vocabulaire des écoles |
| Resto del título | : étude méthodique des mots de la langue usuelle d'après l'analogie ... / |
| Mención de responsabilidad, etc. | par M. Fournier. |
| 260 ## - PUBLICACIÓN, DISTRIBUCIÓN, ETC. | |
| Lugar de publicación, distribución, etc. | Paris : |
| Nombre del editor, distribuidor, etc. | Gedalge et Cie., |
| Fecha de publicación, distribución, etc. | [18--?] ( |
| Lugar de fabricación/manufactura | Corbeil : |
| Fabricante | imprimérie Ed. Crété) |
| 300 ## - DESCRIPCIÓN FÍSICA | |
| Extensión | IV, 332 p. : |
| Otras características físicas | il. ; |
| Dimensiones | 19 cm. |
| 500 ## - NOTA GENERAL | |
| Nota general | Fecha probable de edición entre 1877 y 1900, según la época de trabajo del editor. |
| 852 ## - LOCALIZACIÓN | |
| Ubicación | ES-MaACL |
| Número de control de estantería | G-476 |
| Estatus retirado | Estado de pérdida | Estado de daño | No para préstamo | Biblioteca de origen | Biblioteca actual | Ubicación en estantería | Fecha de adquisición | Fuente de adquisición | Total de préstamos | Signatura topográfica completa | Código de barras | Visto por última vez | Precio de reemplazo | Tipo de ítem Koha |
|---|---|---|---|---|---|---|---|---|---|---|---|---|---|---|
| Biblioteca del Ateneo de Madrid | Biblioteca del Ateneo de Madrid | Depósito 2 | 17/01/2008 | G-476 | 1057266 | 23/02/2023 | 23/02/2023 | Libro impreso antiguo |
